00528 2200205 4500001002100000008004100021035002000062245008000082100002000162250000600182260003900188300001100227084001400238082000800252650001400260990001200274990001200286990001200298990001200310INLIS000000000000517 ind  a0010-0424000493 aA-Z Aroma terapi Untuk Kesehatan, Kebugaran dan KecantikancKoensoemardiyah aKoensoemardiyah a1 aYogyakarta :bLily Publisherc2009 a72 hlm a600 KOE a a600 aNon Fiksi a0722096 a0722097 a0722098 a0722099